Atlas del mundo actual. (Record no. 105871)

MARC details
000 -LEADER
campo de control de longitud fija 00685nam a2200229 i 4500
001 - NÚMERO DE CONTROL
campo de control 105871
003 - IDENTIFICADOR DE NÚMERO DE CONTROL
campo de control ES-MaACL
005 - FECHA Y HORA DE LA ÚLTIMA TRANSACCIÓN
campo de control 20250724094353.0
007 - CAMPO FIJO DE DESCRIPCIÓN FÍSICA--INFORMACIÓN GENERAL
campo de control de longitud fija t|
008 - DATOS DE LONGITUD FIJA--INFORMACIÓN GENERAL
campo de control de longitud fija 060905s1964 mx ||||1| spa d
080 ## - NÚMERO DE LA CLASIFICACIÓN DECIMAL UNIVERSAL
Número de la Clasificación Decimal Universal 912(100)
245 00 - MENCIÓN DEL TÍTULO
Título Atlas del mundo actual.
250 ## - MENCION DE EDICION
Mención de edición 2ª ed.
260 ## - PUBLICACIÓN, DISTRIBUCIÓN, ETC.
Lugar de publicación, distribución, etc. México :
Nombre del editor, distribuidor, etc. Centro de Estudios y Documentación Sociales,
Fecha de publicación, distribución, etc. 1964.
300 ## - DESCRIPCIÓN FÍSICA
Extensión 91 p. :
Otras características físicas il. ;
Dimensiones 19 cm.
490 1# - MENCIÓN DE SERIE
Mención de serie Manuales de educación cívica ;
Designación de volumen o secuencia 15
500 ## - NOTA GENERAL
Nota general Biblioteca Juan Andrade.
650 #7 - PUNTO DE ACCESO ADICIONAL DE MATERIA--TÉRMINO DE MATERIA
Término de materia o nombre geográfico como elemento de entrada Atlas
Fuente del encabezamiento o término embne
9 (RLIN) 10407
830 0# - PUNTO DE ACCESO ADICIONAL DE SERIE-TÍTULO UNIFORME
Título uniforme Manuales de educación cívica
Designación de volumen o secuencia 15
9 (RLIN) 185133
852 ## - LOCALIZACIÓN
Ubicación ES-MaACL
Número de control de estantería AND-696
Sublocalización o colección R.109992
Holdings
Estatus retirado Estado de pérdida Estado de daño No para préstamo Biblioteca de origen Biblioteca actual Ubicación en estantería Fecha de adquisición Fuente de adquisición Total de préstamos Signatura topográfica completa Código de barras Visto por última vez Precio de reemplazo Tipo de ítem Koha
        Biblioteca del Ateneo de Madrid Biblioteca del Ateneo de Madrid Depósito 2 17/01/2008     AND-696 1110530 23/02/2023 23/02/2023 Libro impreso